Taylor Swift - Devine les chansons par leurs 1ère phrases #11 - Statistiques

Statistiques générales
  • Ce quiz a été pris 139 fois
  • Le résultat moyen est 6 sur 15
Statistiques - réponses
Hint Réponse % Correct
"You look like *** in this light, remarkable" Clara Bow
90%
*** You should take it as a compliment Gorgeous
82%
Forgive me *** Peter
77%
I'm like the water when your ship rolled in that night Willow
74%
We can go drivin' in, on my scooter London Boy
68%
Is it romantic how all my elegies eulogize me? the lakes
44%
I've known it from the very start Say Don’t Go
38%
Lock broken, slur spoken High Infidelity
37%
Once, I had an empire in a golden age Castles Crumbling
34%
Put your lips close to mine Treacherous
28%
It keeps me awake Only the Young
23%
All this time I was wasting You’re Not Sorry
16%
Long handwritten note Sad Beautiful Tragic
12%
She can't see the way your eyes light up when you smile Invisible
11%
*** like a distant diamond sky Untouchable
10%
Aucun quiz correspondant
Distribution des résultats
% des personnes avec chaque résultat
Percentile par nombre de réponses
Votre historique - résultats
Vous n’avez pas pris ce quiz